| 000 | 00737nam a2200253Ia 4500 | ||
|---|---|---|---|
| 003 | GCL | ||
| 008 | 140319s9999 xx 000 0 ara d | ||
| 040 |
_aGCL / _cGCL |
||
| 082 | 0 | 4 |
_a322.4 _bم ا |
| 100 | 1 | _aميتشل , ريتشارد | |
| 245 | 1 | 0 |
_aالاخوان المسلمون / _cميتشل , ريتشارد |
| 700 | 1 | _aمنى انيس | |
| 700 | 1 | _aعبدالسلام رضوان | |
| 260 |
_a[S.N] : _bمكتبة مدبولى ، _c1985 |
||
| 300 | _a256 ص | ||
| 490 | _a | ||
| 650 | 0 | 4 | _aالعصر الحديث |
| 650 | 0 | 4 | _aمصر |
| 650 | 0 | 4 | _aتاريخ |
| 650 | 0 | 4 | _aثورة 23 يوليو 1952 |
| 650 | 0 | 4 | _aالاسلام والسياسة |
| 650 | 0 | 4 | _aالاخوان المسلمون |
| 942 |
_2ddc _cBK |
||
| 999 |
_c29097 _d29097 |
||